000 00282nam a22001337a 4500
008 170630b xxu||||| |||| 00| 0 eng d
020 _a9780130375490
041 _aeng
080 _a05
100 _a22
101 _agjl
245 _aWRITING GRAMMAR
_cLEVEL, G
942 _2udc
_cBK
999 _c19738
_d19738